Situación ocupacional y social/
El presente artículo forma parte de un informe del CEDEM de la Ciudad de Buenos Aires en Argentina en donde se plantean datos estadísticos de diversos comportamientos económicos relacionados a la ocupación. Se presenta la evolución de los principales indicadores laborales de la ciudad como lo es la...
Guardat en:
| Autor corporatiu: | |
|---|---|
| Format: | Llibre |
| Idioma: | Spanish |
| Matèries: | |
| Etiquetes: |
Afegir etiqueta
Sense etiquetes, Sigues el primer a etiquetar aquest registre!
|
MARC
| LEADER | 00000nam a22000007a 4500 | ||
|---|---|---|---|
| 003 | cru IIS | ||
| 005 | 20220623110903.0 | ||
| 008 | 220622b2009 ag ||||| |||| 00| 0 spa d | ||
| 040 | |a cru IIS |b spa |c cru IIS | ||
| 090 | |a 03.01.01 C397i | ||
| 110 | |9 10484 |a Argentina. Ministerios de Hacienda. Centro de Estudios para el Desarrollo Económico Metropolitano | ||
| 245 | 1 | |a Situación ocupacional y social/ |c Argentina. Ministerios de Hacienda. Centro de Estudios para el Desarrollo Económico Metropolitano | |
| 300 | |a 97-111 páginas | ||
| 520 | |a El presente artículo forma parte de un informe del CEDEM de la Ciudad de Buenos Aires en Argentina en donde se plantean datos estadísticos de diversos comportamientos económicos relacionados a la ocupación. Se presenta la evolución de los principales indicadores laborales de la ciudad como lo es la demanda del trabajo, el empleo formal y privado generado, estado de negociaciones colectivas a nivel nacional, evolución del índice de salarios, situación actual y evolución de la incidencia de la pobreza e indigencia. Todo lo anterior se realiza estudiando el mercado laboral en el 2008 por medio de una descripción social de los hogares residentes, en función de ingresos y capacidad de enfrentarse a la canasta básica de alimentos y servicios. FGO 23/06/2022 | ||
| 650 | 0 | 4 | |0 TESAURO UNESCO |9 3397 |a CONDICIONES LABORALES |
| 650 | 0 | 0 | |0 TESAURO UNESCO |9 5535 |a ESTADISTICAS ECONOMICAS |
| 650 | 0 | 4 | |0 TESAURO UNESCO |9 2669 |a DISTRIBUCION DEL INGRESO |
| 650 | 0 | 0 | |0 TESAURO UNESCO |9 3384 |a INDICADORES ECONOMICOS |
| 651 | 0 | |2 TESAURO UNESCO |9 3346 |a ARGENTINA | |
| 773 | 0 | |0 1445 |9 7360 |a Argentina. |d Argentina : CEDEM |o 15219 |t Informe económico: |w ()48212 | |
| 942 | |2 ddc |c LI | ||
| 999 | |c 44324 |d 44324 | ||
